[Event "Capablanca mem Mixto"]
[Site "Havana"]
[Date "1999.05.13"]
[Round "6"]
[White "Delgado Crespo, Mairelys"]
[Black "Fandino, Roquelina"]
[Result "1/2-1/2"]
[WhiteElo "2298"]
[BlackElo "2187"]

1.e4 g6 2.d4 Bg7 3.Nc3 d6 4.Nf3 Nf6 5.Be2 c6 6.O-O O-O 7.Re1 Qc7 8.e5 dxe5
9.Nxe5 Nd5 10.Nxd5 cxd5 11.Bf3 e6 12.c3 Nc6 13.Bf4 Nxe5 14.Bxe5 Bxe5 15.Rxe5 Bd7
16.Qd2 Rfc8 17.h4 Qd8 18.h5 Qf6 19.Rae1 b5 20.a3 a5 21.Bd1 Rab8 22.g3 b4
23.cxb4 axb4 24.a4 Qd8 25.hxg6 hxg6 26.Kg2 Qf8 27.Rh1 Qg7 28.Rh4 Rc7 29.Re1 Be8
30.Qf4 Rbc8 31.Qe3 Ra7 32.b3 Rac7 33.Reh1 Rc6 34.Qd2 Rc3 35.Qg5 R3c7 36.Qg4 Kf8
37.Qf4 Ke7 38.Qd2 Rc3 39.Rh7 Qf6 40.Re1 Qf5 41.Re5 Qf6 42.g4 Kd6 43.g5 Qd8
44.Qe2 Ra8 45.Qe1 Qc8 46.Bf3 Kc6 47.Qe2 Kb6 48.Rh8 Qa6 49.Qe1 Qd3 50.a5+ Ka7
51.Bxd5 exd5 52.Re7+ Ka6 53.Rhxe8 Rxe8 54.Rxe8 Qf3+ 55.Kg1 Qg4+ 56.Kf1 Qh3+
57.Kg1 Qg4+ 58.Kf1 Qh3+ 59.Kg1 Qg4+ 60.Kf1  1/2-1/2

[Event "NOR-chT"]
[Site "Langesund"]
[Date "1999.05.14"]
[Round "4"]
[White "Hatlebakk, Einar"]
[Black "Aarland, Stein Arild"]
[Result "0-1"]
[WhiteElo "2305"]
[BlackElo "2250"]

1.e4 g6 2.d4 Bg7 3.Nc3 d6 4.Nf3 c6 5.h3 b5 6.Be3 b4 7.Nb1 Nf6 8.Nbd2 O-O
9.Bd3 a5 10.a3 Bb7 11.c3 bxc3 12.bxc3 c5 13.d5 e6 14.Rb1 Bxd5 15.exd5 Nxd5
16.Qb3 Nxc3 17.Rc1 a4 18.Qc4 Nd7 19.Bg5 Qa5 20.Qh4 d5 21.Bh6 Bf6 22.Bg5 Bg7
23.Bh6 e5 24.Bxg7 Kxg7 25.Qe7 Nf6 26.Nxe5 Rae8 27.Qd6 Re6  0-1

[Event "BUL-ch"]
[Site "Plovdiv"]
[Date "1999.05.20"]
[Round "9"]
[White "Manolov, Ivan"]
[Black "Chatalbashev, Boris"]
[Result "0-1"]
[WhiteElo "2315"]
[BlackElo "2524"]

1.e4 g6 2.d4 Bg7 3.Nc3 d6 4.f4 Nc6 5.Be3 Nf6 6.Nf3 O-O 7.Bb5 a6 8.Bxc6 bxc6
9.e5 Nd5 10.Nxd5 cxd5 11.O-O f6 12.exd6 exd6 13.b3 Bf5 14.Kh1 Re8 15.Qd2 Qd7
16.c4 Be4 17.cxd5 Bxd5 18.b4 Re7 19.Qd3 Rae8 20.Rae1 Qb5 21.Qxb5 axb5 22.Bd2 Re2
23.a3 f5 24.Rxe2 Rxe2 25.Bc3 Rc2 26.Be1 Bxf3 27.gxf3 Bxd4 28.Bh4 Bb2 29.Re1 Rc1  0-1

[Event "ICC GM Fights 1"]
[Site "Internet"]
[Date "1999.05.22"]
[Round "1"]
[White "Sutovskij, Emil"]
[Black "Svidler, Peter"]
[Result "0-1"]
[WhiteElo "2612"]
[BlackElo "2713"]

1.e4 d6 2.d4 g6 3.Nc3 Bg7 4.f4 Nf6 5.Nf3 O-O 6.Bd3 Na6 7.O-O c5 8.d5 Rb8
9.Bc4 Nc7 10.a4 a6 11.a5 Nb5 12.e5 Nxc3 13.bxc3 Nd7 14.Re1 b5 15.axb6 Nxb6
16.Bxa6 Bxa6 17.Rxa6 dxe5 18.Nxe5 Qxd5 19.Qxd5 Nxd5 20.Nd7 Ra8 21.Rxa8 Rxa8
22.c4 Nb4 23.Rxe7 Bd4+ 24.Be3 Nc6 25.Re4 f5 26.Re6 Kf7 27.Rxc6 Bxe3+ 28.Kf1 Bxf4
29.g3 Be3 30.Ke2 Bg1 31.Ne5+ Kg7 32.Rc7+ Kh6 33.Nf3 Re8+ 34.Kf1 Be3 35.h4 Re4
36.Kg2 Rxc4 37.Re7 Rxc2+ 38.Kh3 Rc3 39.g4 fxg4+ 40.Kxg4 Rc4+ 41.Kh3 Bf4 42.Rf7 Re4
43.Kg4 Be3+ 44.Kg3 c4 45.Nh2 c3 46.Kf3 Rf4+ 47.Rxf4 Bxf4 48.Ng4+ Kg7  0-1

[Event "Kassel op"]
[Site "Kassel"]
[Date "1999.05.22"]
[Round "2"]
[White "Ristau, Jan"]
[Black "Schmidt, Jan Peter"]
[Result "0-1"]
[WhiteElo "2105"]
[BlackElo "2292"]

1.e4 g6 2.d4 Bg7 3.Nc3 d6 4.Nf3 Bg4 5.Be3 Nc6 6.Qd2 Bxf3 7.gxf3 Nf6 8.O-O-O O-O
9.Be2 e5 10.d5 Nd4 11.Bxd4 exd4 12.Nb5 c5 13.dxc6 bxc6 14.Nxd4 Qb6 15.h4 a5
16.a4 Nd7 17.h5 Rfb8 18.b3 Qc5 19.hxg6 hxg6 20.Kb1 Nb6 21.Ka2 Nxa4 22.bxa4 Rb4  0-1

[Event "Kassel op"]
[Site "Kassel"]
[Date "1999.05.24"]
[Round "6"]
[White "Rechel, Ralf"]
[Black "Schmidt, Jan Peter"]
[Result "0-1"]
[WhiteElo "2165"]
[BlackElo "2292"]

1.e4 g6 2.d4 Bg7 3.Nc3 d6 4.Bc4 Nf6 5.Nf3 O-O 6.Qe2 c6 7.e5 dxe5 8.dxe5 Nd5
9.Bd2 Bg4 10.O-O-O e6 11.h3 Bxf3 12.gxf3 Nd7 13.f4 Nxc3 14.Bxc3 Qe7 15.h4 Nb6
16.h5 Qc5 17.Bb3 Nd5 18.Bd4 Qe7 19.Qg4 Rfd8 20.c4 Nb4 21.hxg6 hxg6 22.Qh3 c5
23.Bc3 Rxd1+ 24.Rxd1 Rd8 25.Rh1 Nd3+ 26.Kb1 Nxf2 27.Qh7+ Kf8 28.f5 exf5 29.e6 fxe6
30.Qh8+ Bxh8 31.Rxh8+ Kf7 32.Rh7+ Ke8 33.Ba4+ Qd7 34.Rh8+ Ke7 35.Rh7+ Kd6
36.Bxd7  0-1

[Event "CRO-Cup"]
[Site "Pula"]
[Date "1999.05.24"]
[Round "1"]
[White "Biti, Ozren"]
[Black "Arapovic, Vitomir"]
[Result "1/2-1/2"]
[WhiteElo "2225"]
[BlackElo "2425"]

1.d4 g6 2.e4 Bg7 3.Nc3 d6 4.Nf3 Nf6 5.Be2 O-O 6.O-O Bg4 7.Be3 Nc6 8.Qd2 e5
9.dxe5 dxe5 10.Rad1 Qc8 11.Qc1 Rd8 12.Rxd8+ Qxd8 13.Rd1 Qf8 14.h3 Bxf3 15.Bxf3 Rd8
16.Rxd8 Qxd8 17.Qd2 Qxd2 18.Bxd2 Nd4 19.Bd1 c6 20.Bg5 b5 21.Bxf6 Bxf6 22.Ne2 Ne6
23.c3 Kf8 24.Nc1 Nc5 25.Bc2 Bg5 26.Nd3 Nxd3 27.Bxd3 Ke7 28.Kf1 Bc1 29.b3 Bb2
30.c4 b4 31.Ke2 Kd6 32.Bc2 Bd4 33.f3 h5 34.Bb1 h4 35.Bc2 Ke6 36.Bd3 Kf6 37.Bc2 Kg5
38.Bd3 Kf4 39.Bc2 f5 40.Bd3 a5  1/2-1/2

[Event "Guillermo Garcia mem-B"]
[Site "Santa Clara"]
[Date "1999.05.24"]
[Round "1"]
[White "Perdomo, Carlos Andres"]
[Black "Asanov, Bolat"]
[Result "1-0"]
[WhiteElo "2410"]
[BlackElo "2500"]

1.e4 g6 2.d4 Bg7 3.Nc3 d6 4.Nf3 a6 5.Be3 Nc6 6.Qd2 b5 7.a4 b4 8.Ne2 Nf6 9.Ng3 Ng4
10.Bf4 Bb7 11.h3 e5 12.Bg5 f6 13.hxg4 fxg5 14.d5 Nd4 15.Nxd4 exd4 16.Qxb4 Rb8
17.Qa5 O-O 18.Bd3 Bc8 19.b3 Qf6 20.O-O Bxg4 21.Qxc7 Qf4 22.e5 Bxe5 23.Rae1 Bf5
24.Bxa6 h5 25.Rxe5 Qxe5 26.Nxf5 Qxf5 27.a5 Kh8 28.Bd3 Qxd5 29.a6 Qc5 30.Qxc5 dxc5
31.Ra1 Ra8 32.Ra5 Rfc8 33.Bxg6 Rc6 34.Bd3 Kg7 35.Bb5 Rc7 36.Ra1 Kf6 37.Bc4 Raa7
38.Bd5 Ke5 39.Bc4 Kd6 40.Kh2 Re7 41.Kg3 Re4 42.f3 Re3 43.Rh1 Rc3 44.Rxh5 Rxc2
45.Rxg5 Kc6 46.Rg6+ Kc7 47.Kf4 Ra8 48.Bd5 Rd8 49.a7 d3 50.Rg7+ Kd6 51.Be4 Rc3
52.Rg5 Ke6 53.a8=Q  1-0

[Event "CRO-Cup"]
[Site "Pula"]
[Date "1999.05.28"]
[Round "5"]
[White "Dabo Peranic, Robert"]
[Black "Cosic, Radoslav"]
[Result "1-0"]
[WhiteElo "2272"]
[BlackElo "2150"]

1.e4 g6 2.d4 Bg7 3.Nc3 d6 4.f4 e6 5.Nf3 Nh6 6.Bd3 f5 7.Be3 O-O 8.Qd2 Nf7
9.O-O-O c6 10.h3 d5 11.e5 c5 12.dxc5 b6 13.g4 bxc5 14.Bxc5 Re8 15.gxf5 gxf5
16.Rhg1 Kh8 17.Bf2 Nd7 18.Bh4 Qb6 19.Rxg7 Kxg7 20.Qg2+  1-0

[Event "Pula op 13th"]
[Site "Pula"]
[Date "1999.06.04"]
[Round "6"]
[White "Fercec, Nenad"]
[Black "Loncar, Robert"]
[Result "0-1"]
[WhiteElo "2495"]
[BlackElo "2419"]

1.e4 d6 2.d4 g6 3.Nc3 Bg7 4.Be3 c6 5.Qd2 b5 6.f3 Qa5 7.h4 h5 8.g3 Nd7 9.Nh3 Nb6
10.b3 Bxh3 11.Bxh3 Nf6 12.O-O Nbd7 13.a3 e5 14.dxe5 Nxe5 15.a4 O-O 16.Kg2 b4
17.Na2 d5 18.Qxb4 Qa6 19.Rae1 dxe4 20.fxe4 Rfe8 21.Bg5 Nfg4 22.Qc5 Re6 23.Nb4 Qb7
24.Qa5 Bf8 25.c3 Rb8 26.Rd1 c5 27.Nd5 Qxb3 28.Kg1 Qa2 29.Rd2 Rb2 30.Rxb2 Qxb2
31.Bg2 c4 32.Qxa7 Qa3 33.Kh1 Bc5 34.Qb8+ Kg7 35.Nf4 Rb6 36.Qe8 Qxc3 37.Ne2 Qb2
38.Nf4 Qd4 39.Nh3 Re6 40.Qc8 c3 41.Bf4 Rf6 42.a5 c2 43.a6 Qc4 44.Rc1 Rxa6
45.Bf1 Qxe4+ 46.Bg2 Qc4 47.Bg5 Rd6  0-1

[Event "Rhein Main op"]
[Site "Frankfurt"]
[Date "1999.06.05"]
[Round "6"]
[White "Pfreundtner, Bernhard"]
[Black "Hirn, Oskar"]
[Result "0-1"]
[WhiteElo "2116"]
[BlackElo "2243"]

1.e4 g6 2.d4 Bg7 3.Nc3 d6 4.f4 a6 5.Be3 b5 6.Nf3 Nd7 7.a4 b4 8.Ne2 Ngf6 9.Ng3 Bb7
10.Bd3 c5 11.c3 O-O 12.Qd2 a5 13.O-O Ng4 14.e5 cxd4 15.cxd4 Nb6 16.Kh1 Nxe3
17.Qxe3 Nd5 18.Qd2 Qb6 19.f5 dxe5 20.fxg6 hxg6 21.dxe5 Qe3 22.Qxe3 Nxe3 23.Rfe1 Ng4
24.Bb5 Rac8 25.Bd7 Nf2+ 26.Kg1 Rc2 27.Nd4 Rxb2 28.Bc6 Rb8 29.Bxb7 Rxb7 30.Nc6 Rc7
31.Nxa5 Rcc2 32.Kf1 Ng4 33.Re2 Bxe5 34.Rxc2  0-1

[Event "Rhein Main op"]
[Site "Frankfurt"]
[Date "1999.06.06"]
[Round "7"]
[White "Brustkern, Juergen"]
[Black "Hillgaertner, Walter"]
[Result "1-0"]
[WhiteElo "2298"]
[BlackElo "2110"]

1.e4 g6 2.d4 Bg7 3.Nc3 d6 4.f4 c6 5.Nf3 Bg4 6.Be3 Nd7 7.Qd2 e6 8.O-O-O d5
9.h3 Bxf3 10.gxf3 Ngf6 11.f5 exf5 12.exf5 Qa5 13.Bh6 Bxh6 14.Re1+ Kd8 15.Qxh6 Kc7
16.Qf4+ Kd8 17.Bd3 Qb4 18.a3 Qf8 19.Re2 Rg8 20.h4 b5 21.Rhe1 a5 22.Bxb5 cxb5
23.Nxb5 Rc8 24.Qd2 Ra8 25.Kb1 gxf5 26.Qc3 Ne4 27.fxe4 fxe4 28.Qc7+ Ke7 29.Qd6+ Kd8
30.Qxd5  1-0

[Event "Guillermo Garcia mem-B"]
[Site "Santa Clara"]
[Date "1999.06.06"]
[Round "12"]
[White "Herrera, Irisberto"]
[Black "Asanov, Bolat"]
[Result "1-0"]
[WhiteElo "2450"]
[BlackElo "2500"]

1.e4 d6 2.d4 g6 3.Nc3 Bg7 4.Be3 a6 5.Nf3 b5 6.Bd3 Bb7 7.e5 dxe5 8.dxe5 Nc6
9.e6 f5 10.O-O Qd6 11.Qe2 Nb4 12.Rad1 Nxd3 13.Rxd3 Qxe6 14.Re1 Nf6 15.Nd4 Qf7
16.Bf4 Ne4 17.f3 c5 18.Nxf5 Bxc3 19.Rxc3 Nxc3 20.Qxe7+ Qxe7 21.Rxe7+ Kf8  1-0

[Event "Budapest FS06 IM"]
[Site "Budapest"]
[Date "1999.06.07"]
[Round "3"]
[White "Belotelov, Dimitri"]
[Black "Peterson, Emery"]
[Result "0-1"]
[WhiteElo "2262"]
[BlackElo "2172"]

1.d4 g6 2.e4 Bg7 3.Nc3 d6 4.Nf3 c6 5.Be3 Nf6 6.Qd2 Nbd7 7.O-O-O O-O 8.Bh6 Qa5
9.Kb1 Re8 10.Bxg7 Kxg7 11.h4 h5 12.Ng5 b5 13.f4 b4 14.Ne2 Nb6 15.Nc1 Na4
16.Nb3 Qb6 17.Bd3 a5 18.f5 Ng4 19.Rhf1 Nxb2 20.Kxb2 a4 21.Be2 axb3 22.axb3 Bxf5
23.Ra1 Rxa1 24.Rxa1 Bd7 25.Ra6 Qb7 26.e5 dxe5 27.dxe5 Bf5 28.Qd4 c5 29.Qc4 Nxe5
30.Qxc5 Qb8 31.Bc4 Nxc4+ 32.bxc4 Qf4 33.Qd5 Rf8 34.Ra8 Qe3  0-1

[Event "Salongernas Elo"]
[Site "Stockholm"]
[Date "1999.06.08"]
[Round "4"]
[White "Logdahl, Harald"]
[Black "Azizi, Haroon"]
[Result "1-0"]
[WhiteElo "2204"]
[BlackElo "2193"]

1.e4 g6 2.d4 Bg7 3.Nc3 d6 4.Be3 Nf6 5.f3 O-O 6.Qd2 e5 7.Nge2 Nc6 8.O-O-O Re8
9.g4 Bxg4 10.fxg4 Nxg4 11.d5 Nd4 12.h3 Nxe3 13.Qxe3 c5 14.h4 h5 15.Ng3 Kh7
16.Kb1 Qf6 17.Bb5 Bh6 18.Qg1 Rf8 19.Rf1 Qe7 20.Bd3 a6 21.Nf5 Qd8 22.Nxh6 Kxh6
23.Nd1 Rc8 24.c3 Nb5 25.Bxb5 axb5 26.Ne3 Rc7 27.Rh2 Rg8 28.Rhf2 Rg7 29.Rf6 Kh7
30.Qg5 Qd7 31.Rg1  1-0

[Event "Voronezh op 3rd"]
[Site "Voronezh"]
[Date "1999.06.14"]
[Round "3"]
[White "Moltchanov, Roman"]
[Black "Kondenko, Alexey"]
[Result "1/2-1/2"]
[WhiteElo "2411"]
[BlackElo "2254"]

1.e4 g6 2.d4 Bg7 3.Nc3 d6 4.Be3 a6 5.Qd2 Nc6 6.O-O-O b5 7.f3 Bd7 8.g4 Qb8
9.h4 h5 10.g5 b4 11.Nce2 e6 12.Bh3 Nge7 13.d5 Ne5 14.Bd4 Qb5 15.dxe6 Bxe6
16.f4 Nc4 17.Qd3 Bxh3 18.Bxg7 Rg8 19.Nxh3 Rxg7 20.Nd4 Qc5 21.b3 Na3 22.f5 Nc6
23.Nxc6 Qxc6 24.Nf4 O-O-O 25.fxg6 fxg6 26.Ne6 Re7 27.Nxd8 Kxd8 28.Rde1 Re5
29.Rhf1 Kc8 30.Re2 Rc5 31.Kb2 Kb7 32.Rf6 Qe8 33.e5 Rxe5 34.Rff2 Qh8 35.Rxe5 Qxe5+
36.c3 Nb5 37.Re2 bxc3+ 38.Kb1 c2+  1/2-1/2

[Event "Voronezh op 3rd"]
[Site "Voronezh"]
[Date "1999.06.16"]
[Round "5"]
[White "Slugin, Sergey"]
[Black "Burlai, O."]
[Result "1/2-1/2"]
[WhiteElo "2317"]
[BlackElo "2405"]

1.e4 d6 2.d4 g6 3.Nc3 Bg7 4.g3 Nf6 5.Bg2 O-O 6.Nge2 e5 7.h3 Nc6 8.Be3 Bd7
9.O-O exd4 10.Nxd4 a6 11.Nde2 Re8 12.g4 Ne5 13.f4 Nc4 14.Bc1 Bc6 15.Ng3 Nd7
16.Qe1 Nc5 17.b3 Nb6 18.Ba3 Qf6 19.e5 Bxg2 20.exf6 Rxe1 21.Raxe1 Bxf1 22.fxg7 Bxh3
23.Nce4 Nxe4 24.Nxe4 h5 25.Bb2 hxg4 26.Nf6+ Kxg7 27.Kh2 Kf8 28.Kg3 Rd8 29.Nh7+ Kg8
30.Nf6+ Kf8 31.Nh7+  1/2-1/2

[Event "Fan Adams Int f-A"]
[Site "New York"]
[Date "1999.06.25"]
[Round "2"]
[White "Burnett, Ronald"]
[Black "Kacheishvili, Giorgi"]
[Result "1/2-1/2"]
[WhiteElo "2420"]
[BlackElo "2570"]

1.e4 g6 2.d4 Bg7 3.Nc3 d6 4.Nf3 Nf6 5.h3 c5 6.Bb5+ Nfd7 7.dxc5 dxc5 8.e5 a6
9.Bc4 Nxe5 10.Qxd8+ Kxd8 11.Nxe5 Bxe5 12.Ne4 e6 13.Nxc5 Nd7 14.Nd3 Bd6 15.a4  1/2-1/2

[Event "Andorra la Vella op"]
[Site "Andorra la Vella"]
[Date "1999.06.30"]
[Round "5"]
[White "Delchev, Aleksander"]
[Black "Movsisian, Naira"]
[Result "1-0"]
[WhiteElo "2548"]
[BlackElo "2083"]

1.e4 g6 2.d4 Bg7 3.Nc3 d6 4.Be3 c6 5.Qd2 b5 6.Bd3 Nd7 7.Nf3 Nb6 8.O-O Bg4
9.Ne1 e5 10.dxe5 dxe5 11.a4 Nc4 12.Bxc4 bxc4 13.Qxd8+ Kxd8 14.a5 Bc8 15.Nf3 Ba6
16.Rfd1+ Kc7 17.Bc5 f6 18.Bd6+ Kc8 19.Na4 Bb5 20.Nc5 a6 21.Ne6 Ra7 22.Bc5  1-0

[Event "EUCup99 (Women)"]
[Site "Nova Gorica"]
[Date "1999.06.30"]
[Round "3"]
[White "Vuksanovic, Sanja"]
[Black "Zozulia, Anna"]
[Result "1/2-1/2"]
[WhiteElo "2354"]
[BlackElo "2327"]

1.e4 g6 2.d4 Bg7 3.Nc3 d6 4.Nf3 Nf6 5.g3 O-O 6.Bg2 Nbd7 7.O-O e5 8.dxe5 Nxe5
9.Nxe5 dxe5 10.Qxd8 Rxd8 11.Bg5 Rd4 12.Nb5 Rc4 13.Rad1 Be6 14.Nc3 h6 15.Bc1 a6
16.Rfe1 b5 17.Re2 b4 18.Na4 Rc6 19.b3 Rd6 20.Red2 Rxd2 21.Rxd2 Nd7 22.Rd3 Bf8
23.Be3 Rc8 24.Bf1 a5 25.Rd2 f5 26.Ba6 Rb8 27.exf5 gxf5 28.Nb2 Nb6 29.Nd3 Nd7
30.Nb2 Nb6 31.Nd3 Nd7 32.Nb2 Nb6  1/2-1/2

[Event "Ljubljana op 10th"]
[Site "Ljubljana"]
[Date "1999.07.01"]
[Round "7"]
[White "Novak, Gorazd"]
[Black "Roskar, Robert"]
[Result "0-1"]
[WhiteElo "2022"]
[BlackElo "2242"]

1.e4 g6 2.d4 Bg7 3.Nc3 d6 4.Be2 c6 5.Be3 Nd7 6.h4 h5 7.Nf3 Qa5 8.Ng5 Ngf6
9.f3 b5 10.a3 b4 11.axb4 Qxb4 12.Ra3 O-O 13.g4 c5 14.Rb3 Qa5 15.gxh5 Nxh5
16.Kf2 cxd4 17.Bxd4 Bxd4+ 18.Qxd4 Qc5 19.Qxc5 Nxc5 20.Ra3 Nf4 21.b4 Nd7 22.Ke3 Ng2+
23.Kf2 Nf4 24.Ke3 Ng2+ 25.Kd2 Nb6 26.Nd5 Nxd5 27.exd5 Bf5 28.c4 Rfc8 29.Rha1 Rc7
30.b5 Rb7 31.Ra6 Rab8 32.Rxa7 Nxh4 33.Ne4 Bxe4 34.fxe4 g5 35.Bg4 Ng6 36.Bf5 Ne5
37.Kc3 Kg7 38.Rxb7 Rxb7 39.Ra6 Rc7 40.b6 Rxc4+ 41.Kb3 Rc1 42.Ra2 Nd3 43.Ra7 Nc5+
44.Ka2 Rc2+ 45.Ka3 Rc3+ 46.Kb4 Kf6 47.Kb5 e6 48.Bg4 Nxe4 49.Bh5 Ke5 50.Bxf7 Kxd5
51.Ra1 Rb3+ 52.Ka6 Nc5+ 53.Ka7 g4 54.Rd1+ Ke5 55.Be8 d5 56.Bc6 Kd6 57.Ba8 Ra3+
58.Kb8 Nd7+  0-1

[Event "Frankfurt Ordix op"]
[Site "Frankfurt"]
[Date "1999.07.03"]
[Round "1"]
[White "Niebling, Ferdinand"]
[Black "Azmaiparashvili, Zurab"]
[Result "0-1"]
[WhiteElo "2222"]
[BlackElo "2681"]

1.e4 d6 2.d4 g6 3.Nc3 Bg7 4.f4 Nc6 5.Nf3 Bg4 6.Bb5 Bxf3 7.Bxc6+ bxc6 8.gxf3 Rb8
9.Rb1 Nf6 10.Be3 O-O 11.Qd2 Nh5 12.Ne2 e6 13.O-O Bh6 14.Ng3 Qh4 15.Nxh5 Qxh5
16.Qg2 d5 17.h3 c5 18.dxc5 e5 19.Qg4 Qxg4+ 20.fxg4 dxe4 21.g5 exf4 22.Bxf4 Bg7
23.Bxc7 Rxb2 24.Rxb2 Bxb2 25.Rd1 Rc8 26.Rd8+ Rxd8 27.Bxd8 Bd4+ 28.Kf1 Bxc5
29.Ke2 f5 30.gxf6 Kf7 31.a4 Bd4 32.a5 h5 33.a6 g5 34.c4 g4 35.hxg4 hxg4 36.Bc7 Kxf6
37.Bd6 Ke6 38.Bg3 Kd7 39.Bf4 Kc6 40.Kf1 Kc5 41.Kg2 Kxc4 42.Kg3 e3 43.Kxg4 e2
44.Bg3 Bc3 45.Kf3 e1=Q 46.Bxe1 Bxe1  0-1

[Event "Frankfurt Ordix op"]
[Site "Frankfurt"]
[Date "1999.07.03"]
[Round "3"]
[White "Schmidt, Peter"]
[Black "Azmaiparashvili, Zurab"]
[Result "0-1"]
[WhiteElo "2412"]
[BlackElo "2681"]

1.d4 d6 2.e4 g6 3.Nc3 Bg7 4.Nf3 Nf6 5.Be3 c6 6.Qd2 b5 7.Bd3 Nbd7 8.Bh6 Bxh6
9.Qxh6 e5 10.dxe5 dxe5 11.h3 Qe7 12.O-O Nc5 13.Rfe1 Nfd7 14.Rad1 a6 15.Bf1 Qf8
16.Qh4 f6 17.b4 Ne6 18.a3 h5 19.Qg3 g5 20.Nh2 a5 21.Bxb5 cxb5 22.Nxb5 Kf7
23.Nd6+ Kg6 24.Nxc8 Qxc8 25.Rd6 Ra6 26.Red1 Nd4  0-1

[Event "Haarlem AKN op 8th"]
[Site "Haarlem"]
[Date "1999.07.03"]
[Round "4"]
[White "Slingerland, Caroline"]
[Black "Wunnink, Michael"]
[Result "0-1"]
[WhiteElo "2110"]
[BlackElo "2198"]

1.e4 g6 2.d4 Bg7 3.Nc3 d6 4.Be3 a6 5.f3 b5 6.Qd2 Nd7 7.Nge2 Bb7 8.Nc1 c6
9.Be2 e6 10.O-O Ngf6 11.Nb3 O-O 12.Bh6 Qc7 13.Bxg7 Kxg7 14.Qe3 c5 15.Rad1 b4
16.Nb1 cxd4 17.Nxd4 e5 18.Nb3 d5 19.Bd3 dxe4 20.Bxe4 Bxe4 21.fxe4 Qxc2 22.Kh1 a5
23.Rd2 Qc6 24.Re2 a4 25.N3d2 Rac8 26.Nf3 Qc5 27.Qg5 Qc4 28.Rfe1 h6 29.Qd2 Rfd8
30.a3 b3 31.Nc3 Nc5 32.Qe3 Ng4 33.Qg1 Nd3 34.Rb1 Nxb2 35.h3 Qxc3 36.Rbxb2 Nf6
37.Kh2 Nxe4 38.Qb1 Nf6 39.Nxe5 Re8 40.Nf3 Qc7+ 41.g3 Qc1 42.Rxe8 Rc2+ 43.Qxc2 bxc2
44.Reb8 Qd1  0-1

[Event "SVK-ch"]
[Site "Nove Zamky"]
[Date "1999.07.03"]
[Round "1"]
[White "Hagarova, Zuzana"]
[Black "Rabara, Frantisek"]
[Result "1-0"]
[WhiteElo "2328"]
[BlackElo "2016"]

1.e4 g6 2.d4 Bg7 3.Nc3 d6 4.Be3 Nf6 5.Qd2 Ng4 6.Bg5 h6 7.Bh4 g5 8.Bg3 e5
9.d5 f5 10.exf5 Bxf5 11.Bd3 Bxd3 12.Qxd3 O-O 13.Ne4 Nf6 14.h4 g4 15.f3 Nbd7
16.fxg4 Nxe4 17.Qxe4 Nc5 18.Qe3 e4 19.O-O-O Qf6 20.c3 Rae8 21.Nh3 Nd3+ 22.Kb1 Qf7
23.g5 h5 24.Rd2 Qxd5 25.Nf4 Rxf4 26.Bxf4 Qb5 27.Rc2 d5 28.b3 Qc6 29.Qd2 a5
30.Be3 a4 31.b4 Qc4 32.g6 b6 33.Bd4 c5 34.Bxg7 Kxg7 35.Qg5 cxb4 36.Qxh5 Rh8
37.Qg5 Qc6 38.Rf1 Qxg6  1-0

[Event "SVK-ch"]
[Site "Nove Zamky"]
[Date "1999.07.03"]
[Round "1"]
[White "Gorusa, Miroslav"]
[Black "Tibensky, Robert"]
[Result "0-1"]
[WhiteElo "2093"]
[BlackElo "2432"]

1.d4 g6 2.e4 Bg7 3.Nc3 d6 4.Be3 Nf6 5.Qd2 Nc6 6.O-O-O Ng4 7.d5 Nxe3 8.Qxe3 Ne5
9.h3 O-O 10.f4 Nd7 11.Nf3 c6 12.e5 Nb6 13.dxc6 bxc6 14.g4 Qc7 15.exd6 exd6
16.Nd4 Bb7 17.Bg2 d5 18.Rhe1 Nc4 19.Qf3 Nxb2 20.Kxb2 Bxd4  0-1

[Event "Haarlem AKN op 8th"]
[Site "Haarlem"]
[Date "1999.07.04"]
[Round "6"]
[White "Hendriks, Richard"]
[Black "Luberti, Wim"]
[Result "1-0"]
[WhiteElo "2145"]
[BlackElo "2235"]

1.e4 g6 2.d4 Bg7 3.Nc3 d6 4.f4 c6 5.Nf3 Nf6 6.Bd3 O-O 7.h3 b5 8.e5 Nd5 9.Nxd5 cxd5
10.O-O Qb6 11.Kh1 Nc6 12.c3 b4 13.Qe1 Ba6 14.Bxa6 Qxa6 15.Bd2 Qd3 16.Qh4 f6
17.exd6 exd6 18.f5 bxc3 19.fxg6 Qxg6 20.Bxc3 Bh6 21.Qf2 Rae8 22.Nh4 Qh5 23.Nf5 Kh8
24.Rae1 Rxe1 25.Rxe1 Rg8 26.Nxd6 Qg6 27.Qf3 Nd8 28.Nf5 Bf8 29.Qxd5 Nf7 30.Ne7 Bxe7
31.Rxe7 Nd6 32.Qf3 Nf5 33.Re6 h5 34.d5 Kh7 35.Rxf6  1-0

[Event "Politiken Cup"]
[Site "Copenhagen"]
[Date "1999.07.05"]
[Round "3"]
[White "Brinck Claussen, Bjorn"]
[Black "Hoff, Terje"]
[Result "1-0"]
[WhiteElo "2354"]
[BlackElo "2040"]

1.e4 g6 2.d4 Bg7 3.Nc3 d6 4.f4 c6 5.Nf3 Nf6 6.Bd3 Na6 7.a3 Bg4 8.O-O Qc7
9.h3 Bxf3 10.Qxf3 Nd7 11.Be3 O-O 12.f5 e5 13.dxe5 Nxe5 14.Qg3 Qe7 15.Bg5 f6
16.Bf4 gxf5 17.exf5 d5 18.Bxa6 bxa6 19.Qf2 Qb7 20.Na4 Nd7 21.Rae1 Rfe8 22.Bd6 Qb5
23.b3 Re4 24.Nc3 Rxe1 25.Nxb5 Rxf1+ 26.Kxf1 axb5 27.Qe3 Ne5 28.Qc5 Bf8 29.Bxf8 Rxf8
30.Qxa7 Rf7 31.Qd4 Rb7 32.Kf2 Kf7 33.Ke3 Re7 34.Kd2 Nd7 35.Qh4 Kg7 36.Qg3+ Kf7
37.Qd6 Ne5 38.Kc3 Rd7 39.Qe6+ Kg7 40.Kb4 d4 41.a4 bxa4 42.bxa4 d3 43.cxd3 Nxd3+
44.Ka5 Ne5 45.Kb6 Rd2 46.a5 Rb2+ 47.Kc7 c5 48.Qe7+ Nf7 49.Qxc5 Rxg2 50.a6 Ra2
51.a7 Ne5 52.Kc8 Kh6 53.Qc1+  1-0

[Event "SVK-ch"]
[Site "Nove Zamky"]
[Date "1999.07.05"]
[Round "3"]
[White "Doghri, Nabil"]
[Black "Machata, Martin"]
[Result "1-0"]
[WhiteElo "2312"]
[BlackElo "2092"]

1.e4 g6 2.d4 Bg7 3.Nc3 d6 4.Nf3 Nf6 5.h3 a6 6.Bf4 O-O 7.e5 Nfd7 8.Bc4 Nb6
9.Bb3 Nc6 10.a4 Na5 11.Ba2 c5 12.dxc5 Nbc4 13.Qe2 dxe5 14.Bc1 e4 15.Qxe4 Bf5
16.Qe2 Na3 17.Bxf7+ Rxf7 18.Rxa3 e5 19.O-O Qf8 20.Ng5 Rd7 21.g4 h6 22.gxf5 hxg5
23.fxg6 Bf6 24.Ne4 Nc6 25.Rf3 Nd4 26.Qc4+ Kg7 27.Rxf6 Qe8 28.c3  1-0

[Event "SVK-ch"]
[Site "Nove Zamky"]
[Date "1999.07.05"]
[Round "3"]
[White "Pokorna, Regina"]
[Black "Tibensky, Robert"]
[Result "1/2-1/2"]
[WhiteElo "2198"]
[BlackElo "2432"]

1.e4 g6 2.d4 Bg7 3.Nc3 d6 4.f4 c6 5.Nf3 Bg4 6.Be3 Qb6 7.Qd2 Bxf3 8.gxf3 Nd7
9.O-O-O Qa5 10.Kb1 b5 11.d5 b4 12.dxc6 bxc3 13.cxd7+ Kxd7 14.Qd5 Qxd5 15.Rxd5 Nf6
16.Ra5 Kc7 17.bxc3 Rhb8+ 18.Kc1 Nd7 19.Rxa7+ Rxa7 20.Bxa7 Ra8 21.Be3 Rxa2
22.Kd2 Ra3 23.c4 Bc3+ 24.Ke2 Bb4 25.Kf2 Ra1 26.Rg1 Bc5 27.Bxc5 Nxc5 28.Bd3 Rxg1
29.Kxg1 Ne6 30.f5 gxf5 31.exf5 Nf8 32.Kf2 Nd7 33.Ke3 h6 34.Be4 Kd8  1/2-1/2

[Event "Politiken Cup"]
[Site "Copenhagen"]
[Date "1999.07.06"]
[Round "4"]
[White "Mortensen, Erling"]
[Black "Hoi, Carsten"]
[Result "1/2-1/2"]
[WhiteElo "2445"]
[BlackElo "2394"]

1.e4 g6 2.d4 Bg7 3.Nc3 d6 4.f4 Nf6 5.Nf3 O-O 6.Bd3 Na6 7.O-O c5 8.d5 Nb4
9.Bc4 Rb8 10.a3 Na6 11.Qe1 Nc7 12.a4 e6 13.dxe6 Bxe6 14.Bxe6 fxe6 15.e5 Nfe8
16.Ne4 b6 17.exd6 Nxd6 18.Neg5 Qd7 19.Ne5 Bxe5 20.Qxe5 Nf7 21.Nxf7 Rxf7 22.b3 Rf5
23.Qe4 Qd5 24.Qe3 Qd4 25.Qxd4 cxd4 26.Bb2 Rd8 27.Rad1 Rfd5 28.Rd3 Na6 29.Rfd1 Nb4
30.Rxd4 Rxd4 31.Rxd4 Rxd4 32.Bxd4 Nxc2 33.Be5 Nb4 34.Kf2 Nc6 35.Ke3 a6 36.g4 Kf7
37.Ke4 b5 38.Bc3 Ke7 39.f5 gxf5+ 40.gxf5 Kf7 41.Kf4 bxa4 42.bxa4 Ne7 43.fxe6+ Kxe6
44.Kg5 Kf7 45.Ba1 Nd5 46.Kf5 Ne3+ 47.Kf4 Nd5+ 48.Kf5 Ne3+ 49.Ke4 Ng4 50.h4 Ke6
51.Bg7 h5 52.Bf8 Ne5 53.Bb4 Ng6 54.Be1 Kd6 55.Kf5 Nxh4+ 56.Bxh4 Kc6 57.Kg6  1/2-1/2

[Event "SVK-ch"]
[Site "Nove Zamky"]
[Date "1999.07.07"]
[Round "5"]
[White "Kukel, Imre"]
[Black "Gazik, Igor"]
[Result "1/2-1/2"]
[WhiteElo "2074"]
[BlackElo "2345"]

1.e4 d6 2.d4 g6 3.Nc3 Bg7 4.h3 Nf6 5.g4 e5 6.Nge2 O-O 7.Be3 exd4 8.Bxd4 Nc6
9.Bg2 Nxd4 10.Nxd4 h5 11.gxh5 Nxh5 12.Qd2 Qh4 13.Nf3 Qf6 14.Nd5 Qxb2 15.O-O c6
16.Ne7+ Kh8 17.Qxd6 Be6 18.Rab1 Qxc2 19.Ng5 Rad8 20.Qxe6  1/2-1/2

[Event "SVK-ch"]
[Site "Nove Zamky"]
[Date "1999.07.07"]
[Round "5"]
[White "Dovzik, Juri"]
[Black "Machata, Martin"]
[Result "1-0"]
[WhiteElo "2435"]
[BlackElo "2092"]

1.e4 d6 2.d4 g6 3.Nc3 Bg7 4.Be3 Nf6 5.f3 O-O 6.Qd2 Nc6 7.d5 Ne5 8.h3 c6 9.f4 Ned7
10.dxc6 bxc6 11.Nf3 Qa5 12.Bd3 Rb8 13.Rb1 Ng4 14.Bd4 e5 15.fxe5 Ngxe5 16.Nxe5 Nxe5
17.Ne2 Qxa2 18.O-O c5 19.Bc3 Qa4 20.Ra1 Qc6 21.b3 Be6 22.Nf4 c4 23.Nxe6 fxe6
24.bxc4 Qc5+ 25.Kh1 Rxf1+ 26.Bxf1 Rf8 27.Qd4 Qxd4 28.Bxd4 Nc6 29.Bxg7 Kxg7
30.c5 dxc5 31.Bc4 Kf6 32.Ra6 Nb8 33.Rxa7 Ke5 34.Rxh7 Kxe4 35.Bd3+ Kd4 36.Rh4+ Kd5
37.Bxg6 Nc6 38.Be4+ Kd6 39.Bxc6 Kxc6 40.Kg1 Kd5 41.Rg4 c4 42.h4 e5 43.c3 Rf5
44.Rg3 Ke4 45.Rh3 Rh5 46.g4 Rh8 47.g5 Kf5 48.Kf2 Rd8 49.Rg3 Kg6 50.Rg4 Rc8
51.Ke3 Kf5 52.Rg1 Rd8 53.g6 Kf6 54.g7 Kf7 55.g8=Q+  1-0